| 000 | 00391nam a22001697a 4500 | ||
|---|---|---|---|
| 003 | CEME | ||
| 005 | 20210628204254.0 | ||
| 008 | 210218b xxu||||| |||| 00| 0 eng d | ||
| 020 | _a0-7131-3469-0 | ||
| 040 | _c. | ||
| 082 | _a621.31242 VIN'M | ||
| 100 |
_aVincent, Colin A _969645 |
||
| 245 | _aModern batteries | ||
| 260 |
_aLONDON _bARNOLD _c1982 |
||
| 300 | _a264P | ||
| 942 |
_cBK _2ddc |
||
| 999 |
_c576844 _d576844 |
||